Quiz sur "Les Noces Funèbres" - Statistiques

Statistiques générales
  • Ce quiz a été pris 45 fois
    41 depuis la dernière actualisation
  • Le résultat moyen est 13 sur 16
Statistiques - réponses
Hint Réponse % Correct
Le réalisateur du film Tim Burton
100%
Le prénom du jeune homme (personnage principal) Victor Van Dort
100%
En retournant au pays des vivants, qui le jeune homme va-t-il aller voir ? Victoria
95%
Le prénom de la jeune fille avec qui il doit se marier Victoria Everglot
95%
Où doit se passer la cérémonie ? Dans une église au pays des vivants
92%
Où va t-il s'enfuir ? Dans une forêt
92%
Où va t-elle l'emmener ? Au pays des morts
87%
Contre son grès, il retourne au pays des morts et essaye de se réconcilier avec la femme qu'il a invoqué : Quel instrument de musique va jouer en la faveur de cette réconciliation ? Un piano
87%
Là-bas, qui va t-il involontairement invoquer ? Emily / Une femme décédée
84%
Pour qui prend-elle le jeune homme ? Pour son mari
84%
Pour que les deux se marient, que doit obligatoirement subir le jeune homme ? Il doit mourir
79%
Pendant la répétition du mariage, à quoi le jeune homme met-il feu ? À la robe de Mme Everglot
74%
Donc au final, qui se marie avec qui ? Victor et Victoria se marient
63%
Mais...qu'est-ce qui arrive à son mari ? Il meurt
61%
Et la jeune fille avec qui le jeune homme était sensé se marier au début, avec qui est-elle finalement mariée ? Avec Lord Barkis Bittern
55%
Que lui offre-t-elle ? Son chien mort, Scraps
53%
Aucun quiz correspondant
Distribution des résultats
% des personnes avec chaque résultat
Percentile par nombre de réponses
Votre historique - résultats
Vous n’avez pas pris ce quiz depuis la dernière actualisation